خلا فت و ملکو يت ا و ر حضر ت عمر بن عبد العز يز (Record no. 187030)

MARC details
000 -LEADER
fixed length control field 00803nam a22001937a 4500
005 - DATE AND TIME OF LATEST TRANSACTION
control field 20220328124335.0
010 ## - LCCN (DPL NO)
LC control number UR-11496
020 ## - INTERNATIONAL STANDARD BOOK NUMBER
Terms of availability 400.00
International Standard Book Number 9835467865463
035 ## - SYSTEM CONTROL NUMBER
System control number U-10051
037 ## - SOURCE OF ACQUISITION
Source of stock number/acquisition DBAD/PUB
Stock number -
082 ## - DEWEY DECIMAL CLASSIFICATION NUMBER
Classification number 920.270
Edition number Ist
100 ## - MAIN ENTRY--PERSONAL NAME
Personal name سيد شا ہ محمد آ يت ا للہ قا د ر ی
245 ## - TITLE STATEMENT
Title خلا فت و ملکو يت ا و ر حضر ت عمر بن عبد العز يز
Statement of responsibility, etc سيد شا ہ محمد آ يت ا للہ قا د ر ی
246 ## - VARYING FORM OF TITLE
Remainder of title Khilafat-o-Malkooiyat Aur Hazrat Umar Bin Abdulaziz(Urdu)
Title proper/short title by Sayeed Shah Mohd. Aayatullah Qadri
260 ## - PUBLICATION, DISTRIBUTION, ETC. (IMPRINT)
Place of publication, distribution, etc Bihar
Name of publisher, distributor, etc Darul Ashaat Khanqah-e-Mujibia
Date of publication, distribution, etc 2021ء
270 ## - ADDRESS
Address Phulwari Sharif,
City Patna
Postal code 801505
Telephone number +91-7250433562
Fax number -
300 ## - PHYSICAL DESCRIPTION
Extent 424 ص
Dimensions 22 Cm(Hb)
942 ## - ADDED ENTRY ELEMENTS (KOHA)
Source of classification or shelving scheme Dewey Decimal Classification
Item type Urdu Bks
Classification part 920.270
Call number suffix م ح م
Holdings
Withdrawn status Lost status Not for loan Collection code Home library Current library Date acquired Source of acquisition Cost, normal purchase price Full call number Barcode Copy number Cost, replacement price Koha item type
    Not For Loan Non-fiction D.B.Act.Division Central Library 28/03/2022 DBAD/PUB 400.00 920.270 م ح م U-10051 1 400.00 Urdu Bks

© Delhi Public Library
Hit Counter
free hit counter